000 00256nam a22001097a 4500
008 160520b xxu||||| |||| 00| 0 eng d
020 _a0130408131
041 _aeng
080 _a316.77
245 _aUnderstanding movies:
_cLoius Giannetti;
942 _2udc
_cBK
999 _c2297
_d2297